[Event "Asian Schools-ch 12th U17 Girls"]
[Site "Tehran"]
[Date "2016.07.17"]
[Round "9"]
[White "Bhagya, Jayesh"]
[Black "Ghazizadeh, Asana"]
[Result "0-1"]
[WhiteElo "1691"]
[BlackElo "1884"]
[PlyCount "92"]
[EventDate "2016.07.11"]
[EventType "swiss"]
[EventRounds "9"]
[EventCountry "IRI"]
[SourceTitle "EXT 2024"]
[Source "ChessBase"]
[SourceDate "2023.10.10"]
[SourceVersion "1"]
[SourceVersionDate "2023.10.10"]
[SourceQuality "1"]

1. e4 e6 2. d3 d5 3. Nd2 Nf6 4. g3 g6 5. Bg2 Bg7 6. Ngf3 0-0 7. 0-0 c5 8. c3 Nc6 9. Re1 a5 10. a4 b6 11. e5 Nd7 12. d4 cxd4 13. cxd4 Ba6 14. Bf1 Bxf1 15. Nxf1 f6 16. Bf4 fxe5 17. Bxe5 Ndxe5 18. Nxe5 Nxe5 19. dxe5 Rc8 20. Rc1 Rc4 21. Rxc4 dxc4 22. Qxd8 Rxd8 23. f4 Bf8 24. Re4 Rc8 25. Ne3 c3 26. bxc3 Rxc3 27. Ng4 Bc5+ 28. Kg2 Rc2+ 29. Kf1 Kf7 30. h4 h5 31. Ne3 Ra2 32. Nc4 Ke7 33. Ne3 Bxe3 34. Rxe3 Rxa4 35. Rb3 Rb4 36. Rxb4 axb4 37. Ke2 Kd7 38. Kd3 b5 39. Kc2 Kc6 40. Kb2 Kd5 41. Kb3 Ke4 42. Kxb4 Kf3 43. Kxb5 Kxg3 44. f5 gxf5 45. Kc5 f4 46. Kd6 f3 0-1

[Event "Asian Schools-ch 12th U17 Girls"]
[Site "Tehran"]
[Date "2016.07.13"]
[Round "5.4"]
[White "Erdenehulug, Batsaikhan"]
[Black "Bhagya, Jayesh"]
[Result "1/2-1/2"]
[WhiteElo "1662"]
[BlackElo "1691"]
[PlyCount "118"]
[EventDate "2016.07.11"]
[EventType "swiss"]
[EventRounds "9"]
[EventCountry "IRI"]
[SourceTitle "EXT 2024"]
[Source "ChessBase"]
[SourceDate "2023.10.10"]
[SourceVersion "1"]
[SourceVersionDate "2023.10.10"]
[SourceQuality "1"]

1. d4 Nf6 2. c4 e6 3. g3 d5 4. Bg2 c6 5. Qc2 Be7 6. Nf3 0-0 7. Nbd2 Nbd7 8. 0-0 c5 9. b3 b6 10. e4 cxd4 11. Nxd4 Bb7 12. exd5 exd5 13. Bb2 Nc5 14. Nf5 dxc4 15. Nxc4 Bxg2 16. Kxg2 Re8 17. Rad1 Qc7 18. Kg1 Ne6 19. Be5 Qc6 20. Nxe7+ Rxe7 21. Bxf6 gxf6 22. Qf5 Ng5 23. f3 Re2 24. Rf2 Rae8 25. Rd6 Qc5 26. Qxc5 bxc5 27. Kg2 R2e6 28. Rd5 Rc6 29. Rd7 a6 30. Nd6 Rf8 31. Nf5 Rb6 32. Rfd2 Ne6 33. h4 Rbb8 34. h5 Rbd8 35. Kf2 Nd4 36. Rxd8 Rxd8 37. Nxd4 cxd4 38. g4 Kg7 39. f4 Kh6 40. Kf3 d3 41. b4 Rd5 42. Ke4 Rb5 43. a3 f5+ 44. gxf5 Kxh5 45. Rg2 a5 46. Kxd3 axb4 47. axb4 Rxb4 48. Ke3 Rb3+ 49. Ke4 f6 50. Kd5 Rb6 51. Kc5 Ra6 52. Kd5 Rb6 53. Rg1 Ra6 54. Rg2 Rb6 55. Rg7 Ra6 56. Rg8 Rb6 57. Rg7 Ra6 58. Rg2 Rb6 59. Rg1 Ra6 1/2-1/2

[Event "IND-ch U15 Girls"]
[Site "Thrissur"]
[Date "2014.08.05"]
[Round "2"]
[White "Vaishali, Ramesh Babu"]
[Black "Bhagya, Jayesh"]
[Result "1-0"]
[WhiteElo "2056"]
[BlackElo "1678"]
[PlyCount "111"]
[EventDate "2014.08.04"]
[EventType "swiss"]
[EventRounds "11"]
[EventCountry "IND"]
[SourceTitle "CBM 162 Extra"]
[Source "ChessBase"]
[SourceDate "2014.10.17"]
[SourceVersion "1"]
[SourceVersionDate "2014.10.17"]
[SourceQuality "1"]

1. e4 c6 2. d4 d5 3. e5 Bf5 4. h4 h5 5. Bd3 Bxd3 6. Qxd3 e6 7. Ne2 Qa5+ 8. c3 Qa6 9. Qf3 c5 10. 0-0 Nc6 11. Rd1 cxd4 12. cxd4 Nge7 13. Nbc3 Nf5 14. Bg5 Be7 15. Bxe7 Ncxe7 16. g3 g6 17. a4 Rc8 18. Nb5 Qb6 19. Qb3 0-0 20. a5 Qa6 21. Ra4 Rc4 22. Rc1 Rfc8 23. Nec3 Rxa4 24. Qxa4 Rc4 25. Qa3 Nc8 26. b3 Rc6 27. Qb4 b6 28. Ra1 Qb7 29. a6 Qd7 30. Rc1 Kh7 31. Qf8 Qe7 32. Qxe7 Nfxe7 33. Kg2 Kg7 34. f3 f6 35. exf6+ Kxf6 36. g4 Kf7 37. Kg3 Ng8 38. Kf4 Nge7 39. Kg5 hxg4 40. fxg4 Nd6 41. Nxd6+ Rxd6 42. Nb5 Rd7 43. Nc7 Rd6 44. Rf1+ Kg8 45. Nb5 Rd7 46. Rf6 Nc8 47. Rxe6 Ne7 48. Kf6 Kf8 49. Rd6 Ng8+ 50. Kg5 Rxd6 51. Nxd6 Ne7 52. Nb5 Nc6 53. Kxg6 Kg8 54. h5 Kh8 55. h6 Kg8 56. g5 1-0

[Event "IND-ch U25"]
[Site "Calicut"]
[Date "2013.10.07"]
[Round "8"]
[White "Bhagya, Jayesh"]
[Black "Elancheralathan, P."]
[Result "0-1"]
[WhiteElo "1715"]
[BlackElo "1939"]
[PlyCount "56"]
[EventDate "2013.10.02"]
[EventType "swiss"]
[EventRounds "9"]
[EventCountry "IND"]
[SourceTitle "EXT 2014"]
[Source "ChessBase"]
[SourceDate "2013.11.20"]
[SourceVersion "1"]
[SourceVersionDate "2013.11.20"]
[SourceQuality "1"]

1. e4 c5 2. Nf3 d6 3. d4 cxd4 4. Nxd4 Nf6 5. Nc3 g6 6. Be3 Bg7 7. f3 0-0 8. Qd2 Nc6 9. 0-0-0 Nxd4 10. Bxd4 Be6 11. Kb1 a6 12. h4 b5 13. Nd5 Bxd5 14. exd5 b4 15. g4 Qa5 16. h5 Qxd5 17. Qe2 Qe6 18. hxg6 hxg6 19. Qh2 Rfb8 20. g5 Nh5 21. Bh3 Qc4 22. Bxg7 Kxg7 23. Bg4 Rh8 24. Bxh5 Rxh5 25. Qg2 Rah8 26. Rxh5 Rxh5 27. Rh1 Qd5 28. Rxh5 Qd1# 0-1

[Event "IND-ch U25"]
[Site "Calicut"]
[Date "2013.10.03"]
[Round "3"]
[White "Bhagya, Jayesh"]
[Black "Senthil, Maran K"]
[Result "0-1"]
[WhiteElo "1715"]
[BlackElo "1910"]
[PlyCount "104"]
[EventDate "2013.10.02"]
[EventType "swiss"]
[EventRounds "9"]
[EventCountry "IND"]
[SourceTitle "EXT 2014"]
[Source "ChessBase"]
[SourceDate "2013.11.20"]
[SourceVersion "1"]
[SourceVersionDate "2013.11.20"]
[SourceQuality "1"]

1. e4 c5 2. Nf3 g6 3. d4 cxd4 4. Nxd4 Bg7 5. Nc3 Nc6 6. Be3 Nf6 7. Nxc6 bxc6 8. e5 Ng8 9. f4 Nh6 10. Bd3 d5 11. exd6 exd6 12. 0-0 0-0 13. Qf3 Ng4 14. Bd2 Bd4+ 15. Kh1 Nxh2 16. Qg3 Nxf1 17. Rxf1 f5 18. Qh3 Qf6 19. Bc4+ d5 20. Bb3 Ba6 21. Re1 Rae8 22. Rd1 Re7 23. Be1 Re3 24. Qh6 Qg7 25. Qxg7+ Bxg7 26. Bf2 Ree8 27. Bxa7 Bxc3 28. bxc3 Re4 29. Rd4 Rxd4 30. Bxd4 Bc4 31. Kg1 Ra8 32. a4 Rb8 33. a5 Bxb3 34. cxb3 Rxb3 35. a6 Ra3 36. a7 Ra2 37. Kh2 Kf7 38. Kh3 Ke6 39. Bc5 Kd7 40. g4 fxg4+ 41. Kxg4 h6 42. f5 gxf5+ 43. Kxf5 Kc7 44. Kg6 Kb7 45. Kxh6 Rxa7 46. Bxa7 Kxa7 47. Kg5 Kb6 48. Kf4 Kc5 49. Ke3 Kc4 50. Kd2 Kb3 51. Kd3 c5 52. Kd2 c4 0-1

[Event "IND-ch U15 Girls 30th"]
[Site "Kolkata"]
[Date "2013.08.13"]
[Round "10"]
[White "Bhagya, Jayesh"]
[Black "Tejaswini, Sagar"]
[Result "1/2-1/2"]
[WhiteElo "1702"]
[BlackElo "1921"]
[PlyCount "79"]
[EventDate "2013.08.06"]
[EventType "swiss"]
[EventRounds "11"]
[EventCountry "IND"]
[SourceTitle "CBM 155 Extra"]
[Source "ChessBase"]
[SourceDate "2013.08.26"]
[SourceVersion "1"]
[SourceVersionDate "2013.08.26"]
[SourceQuality "1"]

1. e4 d5 2. exd5 Nf6 3. d4 Bg4 4. Bb5+ Nbd7 5. Qd3 a6 6. Ba4 Nxd5 7. Qe4 Be6 8. c4 N5b6 9. d5 Nxa4 10. dxe6 Ndc5 11. exf7+ Kxf7 12. Qf5+ Ke8 13. Nf3 g6 14. Qc2 Qd3 15. Na3 Bg7 16. Rb1 Qxc2 17. Nxc2 Nd3+ 18. Kf1 Nxc1 19. Rxc1 Nxb2 20. Ncd4 Bxd4 21. Nxd4 Nd3 22. Rd1 Nc5 23. g3 Rd8 24. Kg2 Kf7 25. Nf3 Rd6 26. Ne5+ Kg7 27. Nf3 Rhd8 28. Rde1 Re6 29. Ng5 Rxe1 30. Rxe1 Rd7 31. Re5 b6 32. h4 Kf6 33. Re2 h6 34. Nf3 Rd1 35. Ne5 Nd7 36. Ng4+ Kf7 37. Nxh6+ Kf8 38. Re6 Nf6 39. g4 Rd6 40. Re3 1/2-1/2

[Event "Thrissur op (Women)"]
[Site "Thrissur"]
[Date "2013.07.26"]
[Round "1"]
[White "Bhagya, Jayesh"]
[Black "Soumya, Swaminathan"]
[Result "0-1"]
[WhiteElo "1697"]
[BlackElo "2301"]
[PlyCount "70"]
[EventDate "2013.07.26"]
[EventType "swiss"]
[EventRounds "11"]
[EventCountry "IND"]
[SourceTitle "EXT 2014"]
[Source "ChessBase"]
[SourceDate "2013.11.20"]
[SourceVersion "1"]
[SourceVersionDate "2013.11.20"]
[SourceQuality "1"]

1. e4 c5 2. Nf3 d6 3. d4 cxd4 4. Nxd4 Nf6 5. Nc3 a6 6. f3 e6 7. Be3 b5 8. a3 Bb7 9. Qd2 Nbd7 10. Be2 Be7 11. 0-0-0 Nb6 12. g4 Nfd7 13. f4 Nc5 14. Bd3 Nxd3+ 15. cxd3 d5 16. e5 Rc8 17. Kb1 b4 18. axb4 Bxb4 19. Rc1 Na4 20. Rhf1 0-0 21. f5 Bxc3 22. bxc3 Qc7 23. Ne2 Bc6 24. Rc2 Rb8+ 25. Ka1 exf5 26. gxf5 Qxe5 27. Bd4 Qd6 28. f6 Rfe8 29. Qg5 g6 30. h4 Nb2 31. Rxb2 Rxb2 32. Kxb2 Rxe2+ 33. Kc1 Qa3+ 34. Kd1 Qb2 35. Qc1 Ba4+ 0-1